| LEADER | 01224nam a2200217 4500 | ||
|---|---|---|---|
| 082 | |a 891.72 |b NG527H | ||
| 100 | |a Nguyễn Hải Hà | ||
| 245 | |a Nghệ thuật kịch của Lép Tônxtôi |c Nguyễn Hải Hà | ||
| 260 | |a H. |b Đại học Sư phạm |c 2006 | ||
| 300 | |a 298 tr. |c 21 cm | ||
| 520 | |a v.v... | ||
| 653 | |a Văn học | ||
| 653 | |a Nga | ||
| 653 | |a Kịch | ||
| 942 | |2 ddc |c STK0 | ||
| 999 | |c 2431 |d 2431 | ||
| 952 | |0 0 |1 0 |2 ddc |4 0 |6 891_720000000000000_NG527H |7 1 |8 800 |9 31499 |a qbu |b qbu |c D5 |d 2014-12-13 |g 30000 |o 891.72 NG527H |p 3707.c1 |r 0000-00-00 |w 2014-12-13 |y STK0 | ||
| 952 | |0 0 |1 0 |2 ddc |4 0 |6 891_720000000000000_NG527H |7 0 |8 800 |9 31500 |a qbu |b qbu |c D5 |d 2014-12-13 |g 30000 |o 891.72 NG527H |p 3707.c2 |r 0000-00-00 |w 2014-12-13 |y STK0 | ||
| 952 | |0 0 |1 0 |2 ddc |4 0 |6 891_720000000000000_NG527H |7 0 |8 800 |9 31501 |a qbu |b qbu |c D5 |d 2014-12-13 |g 30000 |o 891.72 NG527H |p 3707.c3 |r 0000-00-00 |w 2014-12-13 |y STK0 | ||
| 952 | |0 0 |1 0 |2 ddc |4 0 |6 891_720000000000000_NG527H |7 0 |8 800 |9 31502 |a qbu |b qbu |c D5 |d 2014-12-13 |g 30000 |l 1 |o 891.72 NG527H |p 3707.c4 |r 2016-12-21 |s 2016-12-19 |w 2014-12-13 |y STK0 | ||
| 952 | |0 0 |1 0 |2 ddc |4 0 |6 891_720000000000000_NG527H |7 0 |8 800 |9 31503 |a qbu |b qbu |c D5 |d 2014-12-13 |g 30000 |l 1 |o 891.72 NG527H |p 3707.c5 |r 2018-12-20 |s 2018-12-14 |w 2014-12-13 |y STK0 | ||